Score 0/24 Timer 03:00
0 Plays Today
HINT 4-LETTER WORD % Correct
The Red PlanetMARS
96.9%
Stallion's mateMARE
95%
Landlord's incomeRENT
92.5%
AdditionalMORE
92%
♒ TENNIS NAUGHT ♒♒ (LOVE)y Wentworth Howell ♒
90.1%
Sugar sourceCANE
89.7%
♒ HEALTHY ♒♒ Thurston Ho(WELL) III ♒
88.4%
Free ____ And DeterminismWILL
87.7%
'____ it, or lose it.'MOVE
87%
One ____ swoopFELL
86.6%
DispatchedSENT
85.1%
♒ ____ TO MY LOU ♒♒ (SKIP)per Jonas Grumby ♒
82.6%
HINT 4-LETTER WORD % Correct
GrottoCAVE
81.2%
♒ MINNOW BREATHER ♒♒ (GILL)igan ♒
81.1%
WashLAVE
80.4%
♒ DIATRIBE ♒♒ Ginger G(RANT) ♒
77.6%
Slope or tiltCANT
73.1%
♒ FRENCH SEAS ♒♒ Mary Ann Sum(MERS) ♒
70.5%
Short playSKIT
68.8%
Catbird or County ____SEAT
60%
____ Naptha laundry soapFELS
58%
DisorderMESS
57.9%
♒ ADMIT FAULT (slang) ♒♒ Pro(FESS)or Roy Hinkley ♒
54.8%
German card gameSKAT
53.6%

Today's Daily Dose

Remove Ads.
Support Sporcle.
Get the best of Sporcle when you Go Orange. This ad-free experience offers more features, more stats, and more fun while also helping to support Sporcle. Thank you for becoming a member.

You're not logged in!

Compare scores with friends on all Sporcle quizzes.
OR
Log In

Show Comments

Extras

Top Quizzes Today


Score Distribution

Your Account Isn't Verified!

In order to create a playlist on Sporcle, you need to verify the email address you used during registration. Go to your Sporcle Settings to finish the process.

Report this User

Report this user for behavior that violates our Community Guidelines.

Details: